Ser y quehacer de la Convergencia de Organismos Civiles y sus campos /

El presente material habla de la identidad del grupo Convergencia de Organismos Civiles, una asociación civil nacida en 1990, con la finalidad de convertirse en un espacio de reflexión y análisis de los cambios nacionales e internacionales y, en particular, de la política gubernamental en materia fi...

Description complète

Enregistré dans:
Détails bibliographiques
Collectivité auteur: Convergencia de Organismos Civiles
Format: Livre
Langue:espagnol
Publié: México : Convergencia de Organismos Civiles, 2003
Sujets:
Tags: Ajouter un tag
Pas de tags, Soyez le premier à ajouter un tag!

MARC

LEADER 00000nam^a2200000^a^4500
001 000395493
005 20250521000000.0
009 20260310121404.156
037 |a Acervo ITESO - Biblioteca 
041 |a ESP 
082 |a 322. 42  |b CON 
110 |a Convergencia de Organismos Civiles 
245 1 0 |a Ser y quehacer de la Convergencia de Organismos Civiles y sus campos /  |c Convergencia de Organismos Civiles. 
264 1 |a México :  |b Convergencia de Organismos Civiles,  |c 2003 
300 |a 80 p. 
336 |a texto  |b txt  |2 rdacontenido 
337 |a sin mediación  |b n  |2 rdamedio 
338 |a volumen  |b nc  |2 rdasoporte 
520 |a El presente material habla de la identidad del grupo Convergencia de Organismos Civiles, una asociación civil nacida en 1990, con la finalidad de convertirse en un espacio de reflexión y análisis de los cambios nacionales e internacionales y, en particular, de la política gubernamental en materia fiscal y en lo referente a políticas públicas. Busca también ser un referente ético que impulse la construcción de relaciones institucionales de corresponsabilidad con los diferentes niveles de gobierno. 
649 |a XX 
650 |a Convergencia de Organismos Civiles -  |x Tema Principal 
650 |a Asociaciones Civiles -  |z México 
650 |a Organizaciones No Gubernamentales -  |z México 
650 |a Movimientos Políticos -  |z México 
650 |a Movimientos Sociales -  |z México 
650 |a Derechos Civiles -  |z México 
650 |a Derechos Humanos -  |z México 
650 |a Derechos Políticos -  |z México 
650 |a Derechos Culturales -  |z México 
650 |a Política Fiscal -  |z México 
650 |a Política Social -  |z México 
650 |a Política Económica -  |z México 
650 |a Políticas Públicas -  |z México 
650 |a México -  |x Condiciones Políticas 
910 |a Fondo Carlos Núñez Hurtado 
920 |a Impresos - Libros 
930 |a Fondos Especiales 
905 |a 117 
901 |a 0500290825  |b IT2  |c ESP  |i D81548  |u 20250521 
902 |a https://opac.biblio.iteso.mx/vufind/Record/000395493